<?xml version="1.0" encoding="UTF-8"?>
<collection xmlns="http://www.loc.gov/MARC21/slim">
 <record>
  <leader>00678cam a2200181 7i4500</leader>
  <controlfield tag="001">0000025912</controlfield>
  <controlfield tag="005">20140629090000.0</controlfield>
  <controlfield tag="008">090511s2001    wau                 eng   </controlfield>
  <datafield tag="020" ind1="#" ind2="0">
   <subfield code="a">1557987505 </subfield>
  </datafield>
  <datafield tag="090" ind1="0" ind2="0">
   <subfield code="a">BF 371 </subfield>
   <subfield code="b">.N3 2001</subfield>
  </datafield>
  <datafield tag="245" ind1="0" ind2="4">
   <subfield code="a">The nature of remembering : </subfield>
   <subfield code="b">essays in honor of Robert G. Crowder  </subfield>
   <subfield code="c">edited by Henry L. Roediger III ... [et al.].</subfield>
  </datafield>
  <datafield tag="260" ind1="#" ind2="#">
   <subfield code="a">Washington, DC.: </subfield>
   <subfield code="b">American Psychological Association, </subfield>
   <subfield code="c">2001.</subfield>
  </datafield>
  <datafield tag="300" ind1="#" ind2="#">
   <subfield code="a">xix, 396 p.: </subfield>
   <subfield code="b">ill.; </subfield>
   <subfield code="c">24 cm..</subfield>
  </datafield>
  <datafield tag="590" ind1="#" ind2="#">
   <subfield code="a">Pusat Pendidikan Asas dan Liberal</subfield>
  </datafield>
  <datafield tag="650" ind1="0" ind2="0">
   <subfield code="a">Memory -- </subfield>
   <subfield code="x">Congresses </subfield>
  </datafield>
  <datafield tag="700" ind1="1" ind2="1">
   <subfield code="a">Crowder, </subfield>
   <subfield code="h">Robert G. </subfield>
  </datafield>
  <datafield tag="700" ind1="1" ind2="1">
   <subfield code="a">Roediger, Henry L. </subfield>
  </datafield>
  <datafield tag="999" ind1=" " ind2=" ">
   <subfield code="a">1100009325</subfield>
   <subfield code="b">Book</subfield>
   <subfield code="c">Open Shelf</subfield>
   <subfield code="e">KOLEKSI TERBUKA</subfield>
  </datafield>
 </record>
</collection>
